Normal view MARC view

Entry Topical Term

Number of records used in: 1

001 - CONTROL NUMBER

  • control field: 62522

003 - CONTROL NUMBER IDENTIFIER

  • control field:

005 - DATE AND TIME OF LATEST TRANSACTION

  • control field: 20250114171128.0

008 - FIXED-LENGTH DATA ELEMENTS

  • fixed length control field: 250114|| aca||aabn | a|a d

040 ## - CATALOGING SOURCE

  • Original cataloging agency:
  • Transcribing agency:

150 ## - HEADING--TOPICAL TERM

  • Topical term or geographic name entry element: African poetry (French)

670 ## - SOURCE DATA FOUND

  • Source citation: Work cat.: ()21970: SENGHOR, Leopold Sedar aut 43569, Selected poems /, 1964

National Library of Nigeria OPAC is powered by Koha